| 000 | 00381nam a2200133Ia 4500 | ||
|---|---|---|---|
| 001 | 3768 | ||
| 008 | 241024s9999 xx 000 0 und d | ||
| 082 | _aRD/577.079/AS837m/2013 | ||
| 100 | _aRepública Dominicana. Asociación para el Desarrollo APEDI | ||
| 245 | 0 | _aMemoria 2013 | |
| 260 |
_bSantiago, República Dominicana _c2013 |
||
| 901 | _a22/5/2014 2:09:37 p.m. | ||
| 999 |
_c8170 _d8170 |
||